After you've said I do: (Record no. 14664)

000 -LEADER
fixed length control field 00605nam a2200193 a 4500
001 - CONTROL NUMBER
control field :::00012497$&:&@@
003 - CONTROL NUMBER IDENTIFIER
control field OkBaRHE
005 - DATE AND TIME OF LATEST TRANSACTION
control field 20000607103419.0
008 - FIXED-LENGTH DATA ELEMENTS--GENERAL INFORMATION
fixed length control field s1968 j 000 0 eng u
040 ## - CATALOGING SOURCE
Transcribing agency
100 1# - MAIN ENTRY--PERSONAL NAME
Personal name Small, Dwight Hervey.
245 10 - TITLE STATEMENT
Title After you've said I do:
Remainder of title new ways to communicate in marriage.
260 ## - PUBLICATION, DISTRIBUTION, ETC. (IMPRINT)
Place of publication, distribution, etc Westwood, NJ., :
Name of publisher, distributor, etc Fleming H. Revell Company
Date of publication, distribution, etc c1968
300 ## - PHYSICAL DESCRIPTION
Extent 256 p. ;
Dimensions 21 cm.
650 ## - SUBJECT ADDED ENTRY--TOPICAL TERM
Topical term or geographic name as entry element Communication
650 ## - SUBJECT ADDED ENTRY--TOPICAL TERM
Topical term or geographic name as entry element Marriage
942 ## - ADDED ENTRY ELEMENTS (KOHA)
Source of classification or shelving scheme
Koha item type Books
Copies
Lost status Damaged status Date last seen Permanent Location Withdrawn status Date acquired Shelving location Price effective from Full call number Copy number Barcode Not for loan Koha item type Source of classification or shelving scheme
  2010-04-14RHEMA Bible Training College 2010-04-14General Stacks2010-04-14HQ 734 .S67112497 Books